| 000 | 00382cam a22001337a 4500 | ||
|---|---|---|---|
| 008 | 180718b1982 xxu||||| |||| 00| 0 eng d | ||
| 082 | _aU6 St24 | ||
| 245 |
_aManaging public enterprises _cedited by W.T. Stanbury and Fred Thompson |
||
| 260 |
_aNew York _bPraeger _c1982 |
||
| 300 | _a301p. | ||
| 650 | _aGovernment enterprise | ||
| 700 | _aThompson, Fred | ||
| 700 | _aStanbury, W.T. | ||
| 999 |
_c354848 _d354848 |
||